|
|
|
|
| LEADER |
01381nam a2200301 a 4500 |
| 001 |
15636850 |
| 008 |
101005s2010 njua b 001 0 eng d |
| 010 |
|
|
|a 2009285303
|
| 020 |
|
|
|a 9788131728925
|
| 020 |
|
|
|a 9780137144150
|
| 020 |
|
|
|a 0137144156
|
| 040 |
|
|
|a DLC
|c DLC
|d DLC
|d DB-DhAAL
|
| 082 |
0 |
0 |
|a 005.13/3
|2 22
|
| 100 |
1 |
|
|a Deitel, Harvey M.,
|d 1945-
|
| 245 |
1 |
0 |
|a C# 2008 for programmers / Paul J. Deitel, Harvey M. Deitel.
|
| 250 |
|
|
|a 3rd ed.
|
| 260 |
|
|
|a Upper Saddle River, NJ ;
|a New Delhi :
|b Pearson/Prentice Hall,
|c c2010.
|
| 300 |
|
|
|a xlii, 1251 p. :
|b ill. ;
|c 24 cm.
|
| 490 |
0 |
|
|a Deitel developer series
|
| 504 |
|
|
|a Includes bibliographical references and index.
|
| 541 |
1 |
|
|e 00021207
|
| 650 |
|
0 |
|a C# (Computer program language)
|
| 700 |
1 |
|
|a Deitel, Paul J.
|
| 852 |
4 |
|
|a Ayesha Abed Library
|j General Shelf.
|
| 999 |
|
|
|c 9667
|d 9667
|
| 952 |
|
|
|0 0
|1 0
|2 ddc
|4 0
|6 005_133000000000000_DEI_2010
|7 0
|9 12290
|a BRACUL
|b BRACUL
|c GEN
|d 2010-10-06
|l 5
|m 30
|o 005.133 DEI
|p 3010021207
|r 2017-02-26
|s 2017-01-08
|t 1
|w 2010-10-06
|y BK
|
| 952 |
|
|
|0 0
|1 0
|2 ddc
|4 0
|6 005_133000000000000_DEI_2010
|7 0
|9 12291
|a BRACUL
|b BRACUL
|c GEN
|d 2010-10-06
|l 3
|m 69
|o 005.133 DEI
|p 3010021208
|r 2017-03-13
|s 2016-09-21
|t 2
|w 2010-10-06
|y BK
|
| 952 |
|
|
|0 0
|1 0
|2 ddc
|4 0
|6 005_133000000000000_DEI_2010
|7 0
|9 12292
|a BRACUL
|b BRACUL
|c GEN
|d 2010-10-06
|l 4
|m 21
|o 005.133 DEI
|p 3010021209
|r 2025-12-14
|s 2025-09-18
|t 3
|w 2010-10-06
|y BK
|